True story of Ah Q (Record no. 1115109)

MARC details
000 -LEADER
fixed length control field 00708nam a2200265Ia 4500
003 - CONTROL NUMBER IDENTIFIER
control field OSt
005 - DATE AND TIME OF LATEST TRANSACTION
control field 20221006160957.0
008 - FIXED-LENGTH DATA ELEMENTS--GENERAL INFORMATION
fixed length control field 221006b |||||||| |||| 00| 0 eng d
020 ## - INTERNATIONAL STANDARD BOOK NUMBER
International Standard Book Number 0790834
037 ## - SOURCE OF ACQUISITION
Terms of availability Textual
040 ## - CATALOGING SOURCE
Original cataloging agency EASL
Transcribing agency EASL
Language of cataloging eng
041 ## - LANGUAGE CODE
Source of code eng
Language code of text/sound track or separate title eng
100 ## - MAIN ENTRY--PERSONAL NAME
Personal name HSUN Lu Au.
245 #0 - TITLE STATEMENT
Title True story of Ah Q
260 ## - PUBLICATION, DISTRIBUTION, ETC.
Place of publication, distribution, etc. China
Name of publisher, distributor, etc. Foreign languages Press China
Date of publication, distribution, etc. 1977
300 ## - PHYSICAL DESCRIPTION
Extent 68p.
Dimensions cm.
490 ## - SERIES STATEMENT
Volume/sequential designation CEL
700 ## - ADDED ENTRY--PERSONAL NAME
Personal name YANG Gladys Tr.
9 (RLIN) 66024
942 ## - ADDED ENTRY ELEMENTS (KOHA)
Classification part O41, 3M81, 111L7; 1
Koha item type Textual
Source of classification or shelving scheme Colon Classification (CC)

No items available.

Copyright @ Delhi University Library System